<?xml version="1.0" encoding="UTF-8"?><?xml-stylesheet type="text/xsl" href="static/style.xsl"?><OAI-PMH xmlns="http://www.openarchives.org/OAI/2.0/" xmlns:xsi="http://www.w3.org/2001/XMLSchema-instance" xsi:schemaLocation="http://www.openarchives.org/OAI/2.0/ http://www.openarchives.org/OAI/2.0/OAI-PMH.xsd"><responseDate>2026-04-13T05:46:46Z</responseDate><request verb="GetRecord" identifier="oai:www.recercat.cat:20.500.12328/972" metadataPrefix="marc">https://recercat.cat/oai/request</request><GetRecord><record><header><identifier>oai:recercat.cat:20.500.12328/972</identifier><datestamp>2025-05-19T13:58:44Z</datestamp><setSpec>com_2072_67741</setSpec><setSpec>col_2072_484354</setSpec></header><metadata><record xmlns="http://www.loc.gov/MARC21/slim" xmlns:dcterms="http://purl.org/dc/terms/" xmlns:xsi="http://www.w3.org/2001/XMLSchema-instance" xmlns:doc="http://www.lyncode.com/xoai" xsi:schemaLocation="http://www.loc.gov/MARC21/slim http://www.loc.gov/standards/marcxml/schema/MARC21slim.xsd">
   <leader>00925njm 22002777a 4500</leader>
   <datafield ind2=" " ind1=" " tag="042">
      <subfield code="a">dc</subfield>
   </datafield>
   <datafield ind2=" " ind1=" " tag="720">
      <subfield code="a">Akhmedova, Anna</subfield>
      <subfield code="e">author</subfield>
   </datafield>
   <datafield ind2=" " ind1=" " tag="260">
      <subfield code="c">2015</subfield>
   </datafield>
   <datafield ind2=" " ind1=" " tag="520">
      <subfield code="a">Succession is a cornerstone issue in family firm business. Research confirms that only 30% of family firms successfully undergo the process of transition from first to second generation successfully, and only 10-15% transit from second to third generation. Research shows that “next generation perspective” is key to successful generational transitions. Within this issue, “daughter perspective” has recently gained special attention due to underrepresentation of women, in general, and daughters, in particular, in family businesses. This underrepresentation is alarming as family firms are losing valuable human capital. In this paper a systematic review of literature in three areas is done: “next generation perspective on succession”; “daughter perspective on succession” and “women in family firms” in order to gain insights into progress researchers have made in these areas and methods of research that contributed most. Contrary to predicted, it was found that qualitative research methods are of special use in area of “daughter perspective”. Results are discussed.</subfield>
   </datafield>
   <datafield ind1="8" ind2=" " tag="024">
      <subfield code="a">Akhmedova, Anna. Succession in family firms - next generation perspective and use of qualitative research methods. A: Institut d’Estudis Superiors de la Família (IESF). II International Conference Family and Society. Barcelona, 24-25/09/2014. Barcelona: Institut d’Estudis Superiors de la Família, Universitat Internacional de Catalunya, 2015, p. 369-382. ISBN 978-84-606-8395-7</subfield>
   </datafield>
   <datafield ind1="8" ind2=" " tag="024">
      <subfield code="a">9788460683957</subfield>
   </datafield>
   <datafield ind1="8" ind2=" " tag="024">
      <subfield code="a">http://hdl.handle.net/20.500.12328/972</subfield>
   </datafield>
   <datafield tag="653" ind2=" " ind1=" ">
      <subfield code="a">Family relationships</subfield>
   </datafield>
   <datafield tag="653" ind2=" " ind1=" ">
      <subfield code="a">Family and economy</subfield>
   </datafield>
   <datafield tag="653" ind2=" " ind1=" ">
      <subfield code="a">Research methods</subfield>
   </datafield>
   <datafield tag="653" ind2=" " ind1=" ">
      <subfield code="a">Empreses familiars</subfield>
   </datafield>
   <datafield tag="653" ind2=" " ind1=" ">
      <subfield code="a">Family-owned business enterprises</subfield>
   </datafield>
   <datafield tag="653" ind2=" " ind1=" ">
      <subfield code="a">Empresas familiares</subfield>
   </datafield>
   <datafield tag="653" ind2=" " ind1=" ">
      <subfield code="a">Mètodes d'investigació</subfield>
   </datafield>
   <datafield tag="653" ind2=" " ind1=" ">
      <subfield code="a">Métodos de investigación</subfield>
   </datafield>
   <datafield ind2="0" ind1="0" tag="245">
      <subfield code="a">Succession in family firms - next generation perspective and use of qualitative research methods</subfield>
   </datafield>
</record></metadata></record></GetRecord></OAI-PMH>